Posúdenie tuhosti nosnej konštrukcie nízkopodlažného vozidla s navýšenou úžitkovou nosnosťou

Uložené v:
Podrobná bibliografia
Hlavný autor: Wiedermann, Adam (Autor)
Ďalší autori: Šulko, Miroslav (Vedúci práce)
Médium: Rukopis Kniha
Jazyk:Slovak
Vydavateľské údaje: 2025
Predmet:
On-line prístup:http://is.stuba.sk/zp/portal_zp.pl?podrobnosti=171641
Tagy: Pridať tag
Žiadne tagy, Buďte prvý, kto otaguje tento záznam!

MARC

LEADER 00000ntm a22000003a 4500
001 stuzp105915
003 SK-STU
005 20250628212921.2
007 ta
008 150427s2015----xo-----f-mn---000-0-slo-d
040 |a STU  |b slo 
041 0 |a slo 
100 1 |a Wiedermann, Adam  |u 020010  |4 aut  |U SjF Strojnícka fakulta  |T SjF Ústav aplikovanej mechaniky a mechatroniky  |X 117311  |U J0010  |Y 801  |7 117311 
242 0 1 |a Assessment of the stiffness of the supporting structure of a low-floor vehicle with increased payload capacity  |y eng 
245 1 0 |a Posúdenie tuhosti nosnej konštrukcie nízkopodlažného vozidla s navýšenou úžitkovou nosnosťou 
260 |c 2025 
650 4 |a nosná konštrukcia vozidla  |2 slo 
650 4 |a metóda konečných prvkov  |2 slo 
650 4 |a ANSYS  |2 slo 
650 4 |a vehicle supporting structure  |2 eng 
650 4 |a finite element method  |2 eng 
650 4 |a ANSYS  |2 eng 
700 1 |a Šulko, Miroslav  |u 020010  |k Z1  |4 ths  |U SjF Strojnícka fakulta  |T SjF Ústav aplikovanej mechaniky a mechatroniky  |X 2207  |U J0010  |Y 801  |7 A000002207 
856 4 |u http://is.stuba.sk/zp/portal_zp.pl?podrobnosti=171641